[Event "Solingen - Tegernsee"]
[Site "BL 0203"]
[Date "2003.02.08"]
[Round "10.8"]
[White "Schaefer, Markus"]
[Black "Bromberger, Stefan"]
[Result "1/2-1/2"]
[WhiteElo "2385"]
[BlackElo "2414"]
[PlyCount "30"]
[EventDate "2003.??.??"]

1. e4 e5 2. Nf3 Nc6 3. c3 d5 4. Qa4 dxe4 5. Nxe5 Qd5 6. f4 exf3 7. Nxf3 Bd7 8.
Qc4 Nf6 9. Qxd5 Nxd5 10. Bc4 Nb6 11. Bb3 f6 12. d4 O-O-O 13. O-O Re8 14. Nbd2
Bd6 15. Nc4 Nxc4 1/2-1/2

[Event "Wattenscheid - Forchheim"]
[Site "BL 0203"]
[Date "2003.02.08"]
[Round "10.2"]
[White "Rustemov, Alexander"]
[Black "Jansa, Vlastimil"]
[Result "1-0"]
[WhiteElo "2597"]
[BlackElo "2500"]
[PlyCount "85"]
[EventDate "2003.??.??"]

1. Nf3 g6 2. c4 Bg7 3. Nc3 c5 4. d4 cxd4 5. Nxd4 Nc6 6. Nc2 Nf6 7. g3 O-O 8.
Bg2 d6 9. O-O Qa5 10. Bd2 Qh5 11. e4 Qxd1 12. Raxd1 Bg4 13. f3 Bd7 14. b3 Rfc8
15. Ne3 Rab8 16. Rc1 Kf8 17. Rfd1 a6 18. Bf1 b5 19. cxb5 Ne5 20. Kf2 axb5 21.
b4 g5 22. g4 e6 23. Be1 Ke7 24. Rc2 h5 25. h3 hxg4 26. hxg4 Ng6 27. Ng2 Nh7 28.
Rdc1 Bd4+ 29. Ke2 Be5 30. Bd2 Nf4+ 31. Kd1 Nf8 32. Nxf4 gxf4 33. Ne2 Rxc2 34.
Rxc2 Ng6 35. Bc3 Rh8 36. Bxe5 Nxe5 37. Nd4 Rh1 38. Ke2 Nc4 39. Kf2 e5 40. Bxc4
bxc4 41. Ne2 Bb5 42. Kg2 Rb1 43. Nc3 1-0

[Event "Wattenscheid - Forchheim"]
[Site "BL 0203"]
[Date "2003.02.08"]
[Round "10.3"]
[White "Jirovsky, Milos"]
[Black "Johannessen, Leif Erlend"]
[Result "0-1"]
[WhiteElo "2457"]
[BlackElo "2534"]
[PlyCount "96"]
[EventDate "2003.??.??"]

1. c4 e6 2. Nf3 Nf6 3. Nc3 d5 4. d4 Be7 5. Bg5 h6 6. Bxf6 Bxf6 7. e3 O-O 8. Qc2
c5 9. cxd5 cxd4 10. Nxd4 exd5 11. Rd1 Nc6 12. Be2 Nxd4 13. exd4 Be6 14. Qb3 Qd7
15. O-O Rac8 16. Rfe1 Rfd8 17. h3 g6 18. Na4 b6 19. Ba6 Rc7 20. Nc3 h5 21. Re3
Bg7 22. Ree1 Qe7 23. Re2 Qg5 24. Re3 h4 25. Qc2 Re7 26. Rf3 Bf5 27. Bd3 Bd7 28.
Qb3 Bc8 29. Bb5 Bb7 30. Bf1 Rde8 31. Nb5 Bc6 32. a4 Re1 33. Nd6 Rxd1 34. Qxd1
Re7 35. Qc2 Bd7 36. Qc7 Bf8 37. Nxf7 Qd2 38. Qd8 Bf5 39. Nh6+ Qxh6 40. Qxd5+
Kh8 41. Bc4 Qg7 42. Rf4 Re1+ 43. Kh2 Be7 44. g3 hxg3+ 45. fxg3 Be6 46. Qa8+ Qg8
47. Qxg8+ Bxg8 48. d5 Rd1 0-1

[Event "Wattenscheid - Forchheim"]
[Site "BL 0203"]
[Date "2003.02.08"]
[Round "10.4"]
[White "Appel, Ralf"]
[Black "Heidrich, Manfred"]
[Result "1/2-1/2"]
[WhiteElo "2503"]
[BlackElo "2415"]
[PlyCount "52"]
[EventDate "2003.??.??"]

1. Nf3 f5 2. g3 Nf6 3. Bg2 g6 4. O-O Bg7 5. d4 O-O 6. b4 d6 7. c4 e5 8. Nc3 e4
9. Ng5 c6 10. b5 h6 11. Nh3 Be6 12. bxc6 bxc6 13. d5 cxd5 14. Nf4 Bf7 15. cxd5
Nbd7 16. Be3 Qa5 17. Rc1 Ng4 18. Bd4 Rfc8 19. Ne6 Bxd4 20. Qxd4 Ngf6 21. Rfd1
Kh7 22. Qd2 Qa6 23. Qd4 Qa5 24. Qd2 Qa6 25. Qd4 Qa5 26. Qd2 Qa6 1/2-1/2

[Event "Wattenscheid - Forchheim"]
[Site "BL 0203"]
[Date "2003.02.08"]
[Round "10.5"]
[White "Bartsch, Berthold"]
[Black "Handke, Florian"]
[Result "0-1"]
[WhiteElo "2320"]
[BlackElo "2504"]
[PlyCount "66"]
[EventDate "2003.??.??"]

1. e4 c5 2. Nc3 Nc6 3. g3 g6 4. Bg2 Bg7 5. d3 d6 6. Be3 Rb8 7. Qd2 b5 8. h4 h5
9. f4 Nd4 10. Nf3 Nh6 11. Nh2 Qa5 12. O-O b4 13. Nd1 Qa4 14. b3 Qa3 15. Nf2 Ng4
16. Nhxg4 hxg4 17. e5 dxe5 18. Bxd4 cxd4 19. Bc6+ Kf8 20. Rae1 Qa6 21. Bg2 f5
22. fxe5 Bh6 23. Qe2 Kg7 24. Nd1 Be6 25. Nb2 Be3+ 26. Kh2 Rbf8 27. Nc4 Bxc4 28.
dxc4 Qe6 29. Bb7 Qxe5 30. Kg2 Rb8 31. Bc6 Rb6 32. Bb5 g5 33. Qd3 f4 0-1

[Event "Wattenscheid - Forchheim"]
[Site "BL 0203"]
[Date "2003.02.08"]
[Round "10.6"]
[White "Holzke, Frank"]
[Black "Niedermaier, Hans"]
[Result "1-0"]
[WhiteElo "2479"]
[BlackElo "2271"]
[PlyCount "145"]
[EventDate "2003.??.??"]

1. e4 e5 2. Nf3 Nc6 3. Bb5 a6 4. Ba4 Nf6 5. O-O Be7 6. Re1 b5 7. Bb3 O-O 8. a4
Bb7 9. d3 d6 10. Nc3 b4 11. Nd5 Nxd5 12. Bxd5 Bf6 13. Nd2 Qd7 14. Nc4 Rab8 15.
Ne3 Bc8 16. h3 Ne7 17. Bc4 Bg5 18. Qh5 Bxe3 19. Bxe3 Ng6 20. d4 Kh8 21. dxe5
Nxe5 22. Bf1 f6 23. f4 Ng6 24. b3 Bb7 25. Bd3 Qf7 26. Bd2 c5 27. Bc4 Qd7 28.
Bd3 Rbe8 29. Re2 f5 30. exf5 Rxe2 31. Bxe2 Rxf5 32. Qg4 Be4 33. Bxa6 Bxc2 34.
Bb5 Qb7 35. Rc1 Be4 36. Re1 Rf7 37. Qe2 d5 38. Qf2 Qc7 39. Rc1 d4 40. Bc4 Rf8
41. Qe2 Bb7 42. Bd3 Nxf4 43. Bxf4 Qxf4 44. Rxc5 Qg3 45. Rf5 Rc8 46. Rc5 Rf8 47.
Rf5 Rc8 48. Qf2 Qxf2+ 49. Kxf2 g6 50. Rf4 Rc3 51. Rxd4 Rxb3 52. Rd8+ Kg7 53.
Rd7+ Kh6 54. Rxb7 Rxd3 55. Rxb4 Ra3 56. g3 Kg7 57. h4 h5 58. Rb7+ Kf6 59. Rb6+
Kf5 60. Rb5+ Kf6 61. a5 Ke6 62. Rg5 Kf6 63. Ke2 Kf7 64. Kd2 Rf3 65. Kc2 Rf6 66.
Kc3 Ke7 67. Rd5 Ke6 68. Kc4 Rf3 69. Rg5 Kf6 70. a6 Ra3 71. Kb5 Rb3+ 72. Kc6 Ra3
73. Kb6 1-0

[Event "Wattenscheid - Forchheim"]
[Site "BL 0203"]
[Date "2003.02.08"]
[Round "10.7"]
[White "Doeres, Hans-Juergen"]
[Black "Dinstuhl, Volkmar"]
[Result "0-1"]
[WhiteElo "2271"]
[BlackElo "2416"]
[PlyCount "69"]
[EventDate "2003.??.??"]

1. e4 c5 2. Nf3 d6 3. d3 e6 4. g3 Be7 5. Bg2 b5 6. O-O Bb7 7. Qe2 Nf6 8. Nbd2
O-O 9. Re1 Nc6 10. c3 b4 11. Nc4 Rc8 12. Bf4 d5 13. Nce5 bxc3 14. bxc3 Nxe5 15.
Nxe5 Bd6 16. Nxf7 Rxf7 17. e5 Bc7 18. Bh3 Ne8 19. Bxe6 Bb6 20. Qg4 Nc7 21.
Bxf7+ Kxf7 22. e6+ Kg8 23. e7 Qe8 24. Re5 Bc6 25. Bh6 g6 26. Rae1 Bd7 27. Qh4
Ba5 28. Qf6 Qf7 29. Qd6 Be8 30. Qxc5 Bb6 31. Qe3 Bxe3 32. R1xe3 Nb5 33. Kg2 d4
34. Rf3 Bc6 35. Re4 0-1

[Event "Wattenscheid - Forchheim"]
[Site "BL 0203"]
[Date "2003.02.08"]
[Round "10.8"]
[White "Straeter, Timo"]
[Black "Bade, Joern"]
[Result "0-1"]
[WhiteElo "2329"]
[BlackElo "2267"]
[PlyCount "112"]
[EventDate "2003.??.??"]

1. d4 d5 2. Nf3 Nf6 3. e3 Bf5 4. c4 c6 5. Bd3 Bxd3 6. Qxd3 e6 7. O-O Nbd7 8.
Nc3 Be7 9. e4 dxe4 10. Nxe4 Nxe4 11. Qxe4 O-O 12. Bd2 c5 13. Bc3 cxd4 14. Nxd4
Qc7 15. Rad1 Nf6 16. Qe2 a6 17. Rfe1 Rfe8 18. b4 Rac8 19. c5 b6 20. c6 Nd5 21.
Bb2 Bxb4 22. Nf5 f6 23. Nxg7 Qxg7 24. Rxd5 exd5 25. Qxe8+ Rxe8 26. Rxe8+ Kf7
27. c7 Qg4 28. f3 Bc5+ 29. Kh1 Qc4 30. Re1 Bd6 31. Rc1 Bxc7 32. Rxc4 dxc4 33.
Kg1 b5 34. Kf2 Ke6 35. h4 f5 36. g4 fxg4 37. fxg4 Bd8 38. h5 Bg5 39. Kf3 Kd5
40. Bc3 Bc1 41. Bf6 Ke6 42. Bc3 Kd5 43. Bf6 b4 44. Ke2 a5 45. g5 Ke6 46. Kd1
Bf4 47. Bd8 a4 48. g6 hxg6 49. hxg6 Be5 50. Kc1 Kf5 51. Ba5 b3 52. axb3 axb3
53. Bb4 c3 54. Ba3 Kxg6 55. Bb2 Kf5 56. Ba3 Bf4+ 0-1

[Event "Emsdetten - Plauen"]
[Site "BL 0203"]
[Date "2003.02.08"]
[Round "10.1"]
[White "Beliavsky, Alexander G"]
[Black "Vallejo Pons, Francisco"]
[Result "1/2-1/2"]
[WhiteElo "2650"]
[BlackElo "2635"]
[PlyCount "117"]
[EventDate "2003.??.??"]

1. d4 d5 2. c4 c6 3. Nf3 Nf6 4. Nc3 e6 5. Bg5 h6 6. Bxf6 Qxf6 7. e3 Nd7 8. Bd3
dxc4 9. Bxc4 g6 10. e4 e5 11. Nxe5 Nxe5 12. dxe5 Qxe5 13. Qb3 Qe7 14. a4 Bg7
15. O-O O-O 16. a5 Rb8 17. Rfe1 b5 18. axb6 axb6 19. Qc2 b5 20. Bb3 Qe5 21. Qd2
h5 22. Rad1 c5 23. Bd5 Bd7 24. Qc1 b4 25. f4 Qe7 26. Ne2 b3 27. e5 Rb4 28. Nc3
Bg4 29. Rd3 Rd4 30. Qe3 Qa7 31. Nb5 Rxd3 32. Qxd3 c4+ 33. Qe3 Qxe3+ 34. Rxe3
Rd8 35. Bxc4 Bf8 36. Nd6 Bxd6 37. exd6 Rxd6 38. Bxb3 Rd4 39. h3 Bf5 40. Re7 Rb4
41. Bd5 Rxb2 42. Rxf7 Kh8 43. h4 Rb4 44. g3 Rd4 45. Bf3 Rd7 46. Rf8+ Kg7 47.
Re8 Rd2 48. Re5 Kf6 49. Be2 Rc2 50. Re3 Rb2 51. Kf1 Rb1+ 52. Kf2 Rb6 53. Ra3
Be6 54. Rc3 Bf5 55. Bd1 Rb2+ 56. Ke1 Rb1 57. Rc6+ Ke7 58. Kd2 Rb2+ 59. Ke1
1/2-1/2

[Event "Emsdetten - Plauen"]
[Site "BL 0203"]
[Date "2003.02.08"]
[Round "10.2"]
[White "Nielsen, Peter-Heine"]
[Black "Bischoff, Klaus"]
[Result "1/2-1/2"]
[WhiteElo "2620"]
[BlackElo "2554"]
[PlyCount "36"]
[EventDate "2003.??.??"]

1. d4 e6 2. c4 Nf6 3. Nc3 d5 4. Nf3 Nbd7 5. Bf4 c6 6. e3 Be7 7. Qc2 O-O 8. a3
Re8 9. h3 Nf8 10. c5 N6d7 11. Bd3 Bf6 12. O-O e5 13. dxe5 Nxe5 14. Nxe5 Bxe5
15. Bxe5 Rxe5 16. e4 dxe4 17. Nxe4 Bf5 18. b4 Bxe4 1/2-1/2

[Event "Emsdetten - Plauen"]
[Site "BL 0203"]
[Date "2003.02.08"]
[Round "10.3"]
[White "Kindermann, Stefan"]
[Black "Berelovich, Alexander"]
[Result "1-0"]
[WhiteElo "2519"]
[BlackElo "2541"]
[PlyCount "61"]
[EventDate "2003.??.??"]

1. e4 g6 2. d4 Bg7 3. Nf3 d6 4. c3 Nf6 5. Bd3 O-O 6. O-O Nc6 7. h3 e5 8. Re1
Re8 9. d5 Ne7 10. c4 Nh5 11. Nc3 h6 12. b4 a5 13. bxa5 Rxa5 14. Bd2 Ra8 15. Bf1
Rf8 16. a4 f5 17. exf5 Nxf5 18. Ne4 Nd4 19. Nxd4 exd4 20. Ra3 Bf5 21. g4 Bxe4
22. Rxe4 Qh4 23. f4 Ng3 24. Be1 Nxe4 25. Bxh4 Rxf4 26. Rf3 Nc3 27. Qd3 Rxf3 28.
Qxf3 Nxa4 29. Bf2 Nc5 30. Qd1 d3 31. Bxc5 1-0

[Event "Emsdetten - Plauen"]
[Site "BL 0203"]
[Date "2003.02.08"]
[Round "10.4"]
[White "Pedersen, Nicolai Vesterbaek"]
[Black "Espig, Lutz"]
[Result "1/2-1/2"]
[WhiteElo "2495"]
[BlackElo "2425"]
[PlyCount "95"]
[EventDate "2003.??.??"]

1. d4 Nf6 2. c4 d6 3. Nc3 Nbd7 4. Bg5 h6 5. Bh4 g5 6. Bg3 Nh5 7. e3 Nxg3 8.
hxg3 Bg7 9. Bd3 c5 10. Nge2 cxd4 11. exd4 Nf6 12. Qc2 b6 13. Ne4 Bb7 14. Nxf6+
Bxf6 15. Be4 Bxe4 16. Qxe4 Rc8 17. Rc1 Rxc4 18. Rxc4 d5 19. Qf3 dxc4 20. Qc6+
Kf8 21. Qxc4 Kg7 22. O-O Qd7 23. Rd1 Rc8 24. Qb3 Rc6 25. d5 Rc5 26. Qd3 Bxb2
27. f4 Bf6 28. Qe4 Ra5 29. Rd2 Ra4 30. Qf3 Qd6 31. Kh2 Qa3 32. Rd3 Qxa2 33. d6
exd6 34. Rxd6 Qb2 35. Rd2 Qb5 36. Rd6 Qf5 37. g4 Qe4 38. Qxe4 Rxe4 39. Ng3 Re6
40. Nh5+ Kf8 41. Rxe6 fxe6 42. Nxf6 gxf4 43. g3 Kf7 44. Ne4 fxg3+ 45. Kxg3 a5
46. Nc3 Kf6 47. Kf4 Kg6 48. Kf3 1/2-1/2

[Event "Emsdetten - Plauen"]
[Site "BL 0203"]
[Date "2003.02.08"]
[Round "10.5"]
[White "Dirr, Ulrich"]
[Black "Richter, Christian"]
[Result "0-1"]
[WhiteElo "2322"]
[BlackElo "2333"]
[PlyCount "86"]
[EventDate "2003.??.??"]

1. e4 e5 2. Nf3 Nc6 3. Bb5 a6 4. Ba4 Nf6 5. O-O Be7 6. Bxc6 dxc6 7. Qe1 Nd7 8.
b3 c5 9. Bb2 f6 10. d3 Nb8 11. Nbd2 Nc6 12. Qe3 Be6 13. Rfd1 Qd7 14. c3 Rd8 15.
Nf1 O-O 16. d4 cxd4 17. cxd4 exd4 18. Nxd4 Nxd4 19. Bxd4 Qb5 20. Bc3 a5 21. Qg3
Bd6 22. Qf3 b6 23. Ne3 a4 24. bxa4 Qxa4 25. Nd5 b5 26. Qe2 c6 27. Rd4 Qa7 28.
Ne3 Bxh2+ 29. Kxh2 Rxd4 30. Bxd4 Qxd4 31. Nc2 Qc3 32. Rd1 Bc4 33. Qd2 Qe5+ 34.
g3 Qxe4 35. Ne3 Be6 36. a3 h5 37. Qd6 Re8 38. Rd4 Qe5 39. Kg1 Kf7 40. Rd2 Qxd6
41. Rxd6 Rc8 42. f4 Ke7 43. Rd4 Ra8 0-1

[Event "Emsdetten - Plauen"]
[Site "BL 0203"]
[Date "2003.02.08"]
[Round "10.6"]
[White "Van Delft, Merijn"]
[Black "Sandner, Gunter"]
[Result "0-1"]
[WhiteElo "2341"]
[BlackElo "2323"]
[PlyCount "104"]
[EventDate "2003.??.??"]

1. e4 g6 2. d4 Bg7 3. Nc3 d6 4. Be3 a6 5. Qd2 b5 6. a4 b4 7. Nd1 a5 8. Bd3 Bb7
9. f3 Nd7 10. c3 bxc3 11. bxc3 e5 12. Rb1 Qc8 13. Ne2 Ne7 14. O-O O-O 15. Nf2
d5 16. f4 f5 17. exd5 e4 18. Bb5 Bxd5 19. c4 Bf7 20. d5 Rd8 21. Nd4 Nb8 22. Nb3
c6 23. Nxa5 cxd5 24. Bb6 d4 25. Nd3 exd3 26. Bxd8 Qxd8 27. Nb3 Nbc6 28. Qxd3
Nb4 29. Qd2 Nec6 30. Nc1 Qd6 31. Nd3 Nxd3 32. Qxd3 Re8 33. Rfe1 Rxe1+ 34. Rxe1
Nb4 35. Qd2 Na6 36. g3 Nc5 37. Kg2 Ne4 38. Qd3 Nc5 39. Qd2 Ne4 40. Qd3 Qb4 41.
Re2 h5 42. Rc2 Be6 43. Re2 Qd6 44. Re1 Kh7 45. Re2 Bc8 46. Kh3 Bb7 47. a5 g5
48. a6 Nf2+ 49. Rxf2 g4+ 50. Kh4 Qf6+ 51. Kxh5 Qg6+ 52. Kh4 Bf6# 0-1

[Event "Emsdetten - Plauen"]
[Site "BL 0203"]
[Date "2003.02.08"]
[Round "10.7"]
[White "Kuraszkiewicz, Michael"]
[Black "Van Beek, Lucien"]
[Result "1-0"]
[WhiteElo "2323"]
[BlackElo "2341"]
[PlyCount "69"]
[EventDate "2003.??.??"]

1. d4 Nf6 2. c4 e6 3. Nf3 c5 4. d5 exd5 5. cxd5 d6 6. Nc3 g6 7. h3 Bg7 8. e4
O-O 9. Bd3 Nbd7 10. Bg5 a6 11. a4 Qc7 12. O-O Re8 13. Re1 Ne5 14. Nxe5 Rxe5 15.
f4 Rxg5 16. fxg5 Nd7 17. Qd2 Rb8 18. Be2 Ne5 19. Rf1 Bd7 20. Nd1 Qc8 21. Qf4 b5
22. axb5 Bxb5 23. Bxb5 Rxb5 24. Kh1 Qb7 25. Ra3 Rb6 26. Rc3 a5 27. Ra3 Nc4 28.
Ra2 Be5 29. Qc1 Nxb2 30. Ne3 Nd3 31. Qd1 Nf4 32. Ng4 Rb3 33. Rxa5 Qb4 34. Ra8+
Kg7 35. Nh6 1-0

[Event "Bremen - Erfurt"]
[Site "BL 0203"]
[Date "2003.02.08"]
[Round "10.1"]
[White "Kuczynski, Robert"]
[Black "Hracek, Zbynek"]
[Result "1/2-1/2"]
[WhiteElo "2490"]
[BlackElo "2607"]
[PlyCount "52"]
[EventDate "2003.??.??"]

1. e4 c5 2. Nf3 e6 3. Nc3 a6 4. d4 cxd4 5. Nxd4 Qc7 6. Be2 b5 7. O-O Bb7 8. Re1
Be7 9. Bf1 d6 10. a4 b4 11. Na2 Nf6 12. Bd3 a5 13. Bf4 Nbd7 14. Rc1 O-O 15. c3
Qd8 16. Nb3 e5 17. Bg3 bxc3 18. Nxc3 Qb6 19. Bb5 Rac8 20. Bh4 Nc5 21. Nd2 Qc7
22. Bg5 Rfd8 23. Qe2 Qb8 24. Nc4 Nb3 25. Rcd1 Nd4 26. Qf1 Nc2 1/2-1/2

[Event "Bremen - Erfurt"]
[Site "BL 0203"]
[Date "2003.02.08"]
[Round "10.2"]
[White "Babula, Vlastimil"]
[Black "Casper, Thomas"]
[Result "1-0"]
[WhiteElo "2590"]
[BlackElo "2391"]
[PlyCount "77"]
[EventDate "2003.??.??"]

1. d4 Nf6 2. c4 d6 3. Nf3 Nbd7 4. Nc3 e5 5. e4 g6 6. Be2 Bg7 7. O-O O-O 8. Re1
c6 9. Bf1 Qe7 10. Rb1 a6 11. d5 cxd5 12. cxd5 Ne8 13. b4 Kh8 14. Rb3 Ndf6 15.
a4 Nh5 16. a5 f5 17. exf5 Bxf5 18. Ng5 Bd7 19. Nge4 Nhf6 20. Bg5 Qf7 21. Qd2
Nxe4 22. Nxe4 Bf5 23. b5 axb5 24. Bxb5 Rc8 25. Bd3 Rc7 26. f3 Bd7 27. Rb6 Qxd5
28. Be7 Rf7 29. Bxd6 Rc6 30. Ba3 Rxb6 31. axb6 Bc6 32. Qe3 Rd7 33. Nc5 Rd8 34.
Be4 Qf7 35. Bxc6 bxc6 36. Bb2 Nf6 37. Bxe5 Nd5 38. Bxg7+ Qxg7 39. Qe8+ 1-0

[Event "Bremen - Erfurt"]
[Site "BL 0203"]
[Date "2003.02.08"]
[Round "10.3"]
[White "Paehtz, Thomas"]
[Black "Schandorff, Lars"]
[Result "1/2-1/2"]
[WhiteElo "2459"]
[BlackElo "2546"]
[PlyCount "58"]
[EventDate "2003.??.??"]

1. e4 c6 2. d4 d5 3. e5 Bf5 4. Be3 e6 5. Nd2 Nd7 6. f4 f6 7. Ngf3 Nh6 8. exf6
Qxf6 9. h3 Qg6 10. g4 Bxc2 11. Qe2 Be7 12. Rc1 O-O 13. Qg2 Ba4 14. Rc3 Qe8 15.
Bd3 Bb5 16. Bb1 Rc8 17. Kd1 Nf7 18. h4 Bb4 19. Rc1 Bxd2 20. Qxd2 Nd6 21. Qb4
Ne4 22. h5 b6 23. Rh2 a5 24. Qe1 Qe7 25. g5 c5 26. dxc5 Ndxc5 27. Ne5 Nd7 28.
Rxc8 Rxc8 29. Bd4 Nxe5 1/2-1/2

[Event "Bremen - Erfurt"]
[Site "BL 0203"]
[Date "2003.02.08"]
[Round "10.5"]
[White "Enders, Peter"]
[Black "Gallagher, Joseph G"]
[Result "1/2-1/2"]
[WhiteElo "2524"]
[BlackElo "2540"]
[PlyCount "52"]
[EventDate "2003.??.??"]

1. e4 d6 2. d4 g6 3. Bc4 Bg7 4. Nf3 e6 5. Bb3 b6 6. Nc3 Bb7 7. Bg5 Ne7 8. Qe2
h6 9. Be3 Nd7 10. O-O-O O-O 11. h4 d5 12. exd5 Nxd5 13. Nxd5 exd5 14. Ne5 Nxe5
15. dxe5 Bxe5 16. Bxh6 Re8 17. Qf3 c6 18. Bg5 f6 19. Bf4 Qd6 20. g3 Kg7 21. c3
Ba6 22. Rd2 Qe6 23. Bxe5 Qxe5 24. Bc2 Be2 25. Qg2 Qh5 26. Rg1 Qf3 1/2-1/2

[Event "Bremen - Erfurt"]
[Site "BL 0203"]
[Date "2003.02.08"]
[Round "10.6"]
[White "Joachim, Sven"]
[Black "Brueggemann, Joachim"]
[Result "0-1"]
[WhiteElo "2471"]
[BlackElo "2412"]
[PlyCount "72"]
[EventDate "2003.??.??"]

1. e4 c5 2. Nc3 Nc6 3. Nf3 d6 4. d4 cxd4 5. Nxd4 Nf6 6. Bg5 e6 7. Qd2 h6 8.
Bxf6 gxf6 9. O-O-O a6 10. f4 Bd7 11. Kb1 Qb6 12. Nb3 O-O-O 13. Be2 h5 14. h4
Be7 15. Bf3 Rh7 16. Ne2 Kb8 17. Ng3 a5 18. Qe2 f5 19. exf5 a4 20. Bxc6 Bxc6 21.
Nd4 Bf6 22. c3 Bxd4 23. Rxd4 Rg7 24. Qd3 Rdg8 25. Ne2 Rxg2 26. Re1 exf5 27.
Qxf5 Re8 28. Qxh5 f5 29. Ka1 a3 30. bxa3 Rexe2 31. Qxe2 Rxe2 32. Rxe2 Be4 33.
Rb2 Qc5 34. Rb3 Qc7 35. Kb2 Qh7 36. Rxd6 Qxh4 0-1

[Event "Bremen - Erfurt"]
[Site "BL 0203"]
[Date "2003.02.08"]
[Round "10.7"]
[White "Voekler, Bernd"]
[Black "Meins, Gerlef"]
[Result "0-1"]
[WhiteElo "2382"]
[BlackElo "2436"]
[PlyCount "82"]
[EventDate "2003.??.??"]

1. e4 c5 2. Nf3 Nc6 3. d4 cxd4 4. Nxd4 Nf6 5. Nc3 d6 6. Bg5 e6 7. Qd2 Be7 8.
O-O-O Nxd4 9. Qxd4 O-O 10. f4 Qa5 11. Bd3 h6 12. h4 Rd8 13. Kb1 Bd7 14. Qe3 Bc6
15. e5 dxe5 16. fxe5 Ng4 17. Qe2 hxg5 18. Qxg4 Qxe5 19. Rde1 Qd4 20. Qh5 g6 21.
Bxg6 Qg7 22. Bd3 gxh4 23. Rhg1 Rd4 24. Ne4 Rad8 25. g3 R8d5 26. Qe2 h3 27. Qh2
Re5 28. Nf2 Rxe1+ 29. Rxe1 Rb4 30. Nd1 Bg2 31. g4 Rxg4 32. Qc7 Bf8 33. a3 Rg3
34. Nf2 h2 35. Be4 Bxe4 36. Rxe4 Rg1+ 37. Ka2 h1=Q 38. Nxh1 Rxh1 39. Qxb7 Qg1
40. Rf4 Qb1+ 41. Kb3 Rh3+ 0-1

[Event "Bremen - Erfurt"]
[Site "BL 0203"]
[Date "2003.02.08"]
[Round "10.8"]
[White "Heissler, Jacob"]
[Black "Umpfenbach, Caroline"]
[Result "1-0"]
[WhiteElo "2455"]
[BlackElo "2077"]
[PlyCount "53"]
[EventDate "2003.??.??"]

1. e4 e6 2. d3 d5 3. Nd2 c5 4. Ngf3 Nc6 5. g3 Nf6 6. Bg2 Be7 7. O-O O-O 8. Re1
Rb8 9. e5 Ne8 10. Nf1 b5 11. h4 Nc7 12. c3 a5 13. N1h2 Ba6 14. Ng5 Qe8 15. Ng4
f5 16. exf6 Bxf6 17. Bf4 e5 18. Nxe5 Nxe5 19. d4 cxd4 20. cxd4 Bxg5 21. hxg5
Rd8 22. Rxe5 Qg6 23. Qd2 b4 24. Rc1 Qb6 25. Qe3 Bc8 26. Re7 Nb5 27. Qe5 1-0

[Event "Stuttgart - Kreuzberg"]
[Site "BL 0203"]
[Date "2003.02.08"]
[Round "10.1"]
[White "Almasi, Zoltan"]
[Black "Hickl, Joerg"]
[Result "1-0"]
[WhiteElo "2672"]
[BlackElo "2605"]
[PlyCount "41"]
[EventDate "2003.??.??"]

1. e4 g6 2. d4 Bg7 3. Nc3 d6 4. f4 Nf6 5. Nf3 O-O 6. Bd3 Na6 7. O-O c5 8. d5
Rb8 9. f5 Nc7 10. a4 a6 11. a5 Nb5 12. fxg6 hxg6 13. Qe1 Nxc3 14. bxc3 Nh7 15.
e5 e6 16. Ra4 dxe5 17. Rh4 Bf6 18. Rh6 exd5 19. Nxe5 Bg7 20. Rxh7 Kxh7 21. Nxf7
1-0

[Event "Stuttgart - Kreuzberg"]
[Site "BL 0203"]
[Date "2003.02.08"]
[Round "10.2"]
[White "Gabriel, Christian"]
[Black "Socko, Bartosz"]
[Result "1/2-1/2"]
[WhiteElo "2562"]
[BlackElo "2569"]
[PlyCount "53"]
[EventDate "2003.??.??"]

1. d4 Nf6 2. c4 e6 3. Nc3 Bb4 4. Bg5 h6 5. Bh4 c5 6. d5 d6 7. e3 Bxc3+ 8. bxc3
e5 9. Nf3 Bf5 10. Nd2 Nbd7 11. e4 Bh7 12. f3 Qc7 13. Qa4 Ng8 14. Bd3 Ne7 15.
Bxe7 Kxe7 16. Nf1 a6 17. Ne3 b5 18. Qa3 Rhb8 19. Rb1 b4 20. cxb4 cxb4 21. Rxb4
Qc5 22. Nc2 Rxb4 23. Qxb4 Rb8 24. Qxc5 Nxc5 25. Kd2 Rb2 26. Kc3 Rxa2 27. Ra1
1/2-1/2

[Event "Stuttgart - Kreuzberg"]
[Site "BL 0203"]
[Date "2003.02.08"]
[Round "10.3"]
[White "Tischbierek, Raj"]
[Black "Golubev, Mihail"]
[Result "0-1"]
[WhiteElo "2523"]
[BlackElo "2528"]
[PlyCount "82"]
[EventDate "2003.??.??"]

1. g3 g6 2. Bg2 Bg7 3. d4 Nf6 4. e4 d6 5. Nc3 O-O 6. Nge2 e5 7. h3 exd4 8. Nxd4
Re8 9. O-O Na6 10. Nb3 Nb4 11. Bg5 h6 12. Be3 a5 13. Qd2 a4 14. Nd4 a3 15. bxa3
Rxa3 16. Ndb5 Ra5 17. a3 Nc6 18. a4 Ne5 19. Bxh6 Nc4 20. Qd4 Bxh6 21. Qxc4 c6
22. Nd4 Rh5 23. h4 Ng4 24. Nf3 Rc5 25. Qb4 Bg7 26. Ra3 Qf6 27. Ne2 Rxc2 28. Nf4
Rb2 29. Qe1 d5 30. Ng5 dxe4 31. Nxe4 Qe7 32. Ra1 Bf5 33. Nd6 Qxe1 34. Raxe1
Rxe1 35. Rxe1 Bd4 36. Nh3 Nxf2 37. Re8+ Kh7 38. Ng5+ Kg7 39. Nxf5+ gxf5 40. Kf1
Ng4 41. Bf3 Ne3+ 0-1

[Event "Stuttgart - Kreuzberg"]
[Site "BL 0203"]
[Date "2003.02.08"]
[Round "10.4"]
[White "Jenni, Florian"]
[Black "Lau, Ralf"]
[Result "1/2-1/2"]
[WhiteElo "2483"]
[BlackElo "2491"]
[PlyCount "121"]
[EventDate "2003.??.??"]

1. e4 b6 2. d4 e6 3. Nf3 Bb7 4. Bd3 Nf6 5. Qe2 d5 6. e5 Nfd7 7. c3 c5 8. Ng5
Be7 9. h4 cxd4 10. cxd4 Nc6 11. Be3 Nb4 12. Nc3 Nxd3+ 13. Qxd3 a6 14. Rh3 Nf8
15. Rg3 Ng6 16. Qe2 Nxh4 17. Qh5 Ng6 18. Nxe6 fxe6 19. Rxg6 hxg6 20. Qxh8+ Kf7
21. Qh3 Bb4 22. Bd2 Bxc3 23. Qxc3 Rc8 24. Qf3+ Kg8 25. Qg4 Qe8 26. Rc1 Rxc1+
27. Bxc1 Kf7 28. Qf3+ Kg8 29. Qc3 Qc6 30. Qxc6 Bxc6 31. Bg5 Kf7 32. Bd8 b5 33.
Kd2 Ke8 34. Bb6 Bb7 35. Kc3 Kd7 36. Kb4 Kc6 37. Bc5 Bc8 38. Ka5 Bb7 39. Bf8 Bc8
40. Bxg7 Bb7 41. Bf6 Bc8 42. g4 Kb7 43. a3 Kc6 44. Kb4 Bb7 45. f4 Bc8 46. a4
bxa4 47. Kxa4 Bd7 48. Kb4 Kb6 49. Bd8+ Kc6 50. g5 Bc8 51. Ka5 Kb7 52. Be7 Bd7
53. b3 Bc8 54. Ba3 Bd7 55. Bc1 Bc8 56. Bd2 Bd7 57. b4 Bb5 58. f5 exf5 59. Bf4
Kc6 60. e6 Kb7 61. e7 1/2-1/2

[Event "Stuttgart - Kreuzberg"]
[Site "BL 0203"]
[Date "2003.02.08"]
[Round "10.5"]
[White "Kalinitschew, Sergey"]
[Black "Schmittdiel, Eckhard"]
[Result "1/2-1/2"]
[WhiteElo "2485"]
[BlackElo "2491"]
[PlyCount "112"]
[EventDate "2003.??.??"]

1. d4 Nf6 2. Nf3 c5 3. d5 d6 4. Nc3 Bg4 5. e4 Nbd7 6. a4 e5 7. dxe6 fxe6 8. Be2
Bxf3 9. Bxf3 Ne5 10. Bf4 Ng6 11. Bg3 e5 12. Nd5 Be7 13. Nxf6+ Bxf6 14. Bh5 Bg5
15. Qd5 Qd7 16. h3 Rd8 17. O-O Qf7 18. Rfd1 Qxd5 19. Rxd5 Ke7 20. Bxg6 hxg6 21.
Kf1 Bh4 22. Bxh4+ Rxh4 23. f3 Rc8 24. Ke2 Rc6 25. Kd2 Rb6 26. Kc3 a5 27. Rad1
g5 28. b3 Rh6 29. Kb2 Rb4 30. c3 Rb6 31. Kc2 Rf6 32. Rb1 Kd7 33. Kd3 Rf8 34.
Kc4 Ke6 35. Rbd1 Rc8 36. Rh1 Rh8 37. Rd2 Rh4 38. Rhd1 Rh6 39. Rd3 Rh8 40. Rh1
Rh6 41. Rd2 Rh8 42. Rdd1 Rh6 43. g3 Rf6 44. Rdf1 Rh6 45. h4 gxh4 46. Rxh4 Rxh4
47. gxh4 g6 48. h5 gxh5 49. Rh1 Kd7 50. Rxh5 Kc6 51. Rh6 Ra6 52. Rh8 Ra7 53.
Rc8+ Kd7 54. Rf8 Kc6 55. Rc8+ Kd7 56. Rf8 Kc6 1/2-1/2